Adopcin̤ por primera vez a las NIIF - ESFA plenas, Pymes y Microempresas (COLGAAP)

Detalles Bibliográficos
Autor principal: Godoy Ramr̕ez, Eduardo
Formato: eBook
Lenguaje:español
Publicado: Bogot:̀ Grupo Editorial Nueva Legislacin̤, 2015
Materias:
Acceso en línea:Acceso restringido

MARC

LEADER 00000nam a22000007a 4500
005 20180925230350.0
007 cr|||| ||||
008 180925s2015 co |||||s|||| 00||0 spa d
020 |a 978-958-58770-5-4 
035 |a 21935 
040 |a vLex 
090 |c 8111  |d 8111 
100 1 |a Godoy Ramr̕ez, Eduardo 
245 1 0 |a Adopcin̤ por primera vez a las NIIF - ESFA plenas, Pymes y Microempresas (COLGAAP)  |h [Recurso electrn̤ico] /  |c Eduardo Godoy Ramr̕ez 
256 |a Servicio en ln̕ea 
260 |a Bogot:̀  |b Grupo Editorial Nueva Legislacin̤,  |c 2015 
300 |a 1 recurso electrn̤ico 
506 1 |a Disponible solo en los productos indicados  |d vLex Global  |d vLex Global (Academic Edition, excluding Law Schools)  |d vLex Global (U.S. Academic Edition, Law Schools)  |d vLex Global (U.S. Academic Edition, excluding Law Schools)  |d vLex Global (Academic Edition, Law Schools) 
650 0 4 |a Derecho Mercantil y de la Empresa  |z Colombia 
650 0 4 |a Financiero  |z Colombia 
740 0 |a vLex Libros (Servicio en ln̕ea) 
856 4 0 |u http://vlex.com/source/adopcion-por-primera-vez-a-las-niif-esfa-plenas-pymes-y-microempresas-colgaap--21935  |z Acceso restringido 
942 |c BOOK 
999 0 |a Business and Company Law 
999 0 |a Financial